| 000 | 02034cam a22005294i 4500 | ||
|---|---|---|---|
| 003 | PE-LiUPU | ||
| 005 | 20250731173020.0 | ||
| 008 | 150623s1998 miu rb 000 0 eng d | ||
| 020 | _a080102157X | ||
| 035 | _a(Sirsi) i9780801021572 | ||
| 040 |
_aPE-LiUPU _bspa _cPE-LiUPU _erda |
||
| 049 | _aPRUA | ||
| 082 | 0 | 4 |
_a225.95 _bR72 _221 |
| 245 | 0 | 0 |
_aReadings from the first-century world: primary sources for New Testament study / _cEditado por Walter A. Elwell y Robert W. Yarbrough. |
| 264 | 1 |
_aGrand Rapids, Michigan : _bBaker Books, _c1998. |
|
| 300 |
_a223 páginas ; _c23 centímetros. |
||
| 336 |
_atext _2rdacontent |
||
| 337 |
_aunmediated _2rdamedia |
||
| 338 |
_avolume _2rdacarrier |
||
| 490 | 1 | _aEncountering Biblical Studies | |
| 504 | _aIncluye bibliografía. | ||
| 505 | 0 | _aThe gospels and Jesus -- Acts and Paul -- General epistles and revelation. | |
| 526 | _aSEG42 | ||
| 526 | _aSEG41 | ||
| 526 | _aSEG40 | ||
| 526 | _aSEG39 | ||
| 526 | _aP94 | ||
| 526 | _aP87 | ||
| 526 | _aP86 | ||
| 526 | _aP85 | ||
| 526 | _aP77 | ||
| 526 | _aP76 | ||
| 526 | _aP35 | ||
| 630 |
_aBiblia _vCitaciones. |
||
| 650 | 0 | 4 |
_aHistoria de la iglesia _yEpoca primitiva, ca. 30-600 _xFuentes. |
| 700 | 1 |
_aElwell, Walter A., _eeditor. |
|
| 700 | 1 |
_aYarbrough, Robert W., _eeditor. |
|
| 910 |
_adbm _bncf _cncf _d20171228 |
||
| 942 |
_2ddc _cBOOK |
||
| 949 |
_a225.95 R72 _wDEWEY _c1 _i47426 _lCCODEBUL1 _mBUL _r0 _sY _tBOOK _u2015-6-24 _xTEOLOGIA _PP35 _0COMPRA _o.STAFF. Colección Teología |
||
| 994 |
_aC0 _bPEPRU |
||
| 596 | _a1 | ||
| 999 |
_a225.95 R72 _wDEWEY _c23983 _i47426 _d23983 _e2017-11-28 _f2021-11-9 _g5 _lCCODEBUL1 _mBUL _n1 _p35.00 _q1 _r0 _sY _tBOOK _u2015-6-24 _xTEOLOGIA _PP35 _0COMPRA _o.STAFF. Colección Teología |
||
| 999 |
_a225.95 R72 _wDEWEY _c2 _i77793 _f2021-11-9 _g4 _lCCODEBUL1 _mBUL _p17.80 _r0 _sY _tBOOK _u2017-12-28 _xTEOLOGIA _PP85 _0COMPRA _o.STAFF. Colección Teologia |
||
| 980 |
_81 _gALBERTO SANCHEZ Responsable de Automatización |
||